000 00380nam a2200157Ia 4500
008 230711s9999||||xx |||||||||||||| ||und||
041 _aENG
082 _a621
_bBU-I
100 _aBureau of Indian Standard
245 0 _aIS : 325 1978
250 _a1st
260 _c1978
_aNew Delhi
_bBureau of Indian Standard
300 _a33
650 _aElectrical Engineering
942 _cBK
999 _c8367
_d8367